| 000 | 00826nam a22001817a 4500 | ||
|---|---|---|---|
| 999 |
_c58794 _d58794 |
||
| 005 | 20220808115059.0 | ||
| 008 | 220808b xxu||||| |||| 00| 0 geo d | ||
| 020 | _q15123995 | ||
| 041 | _ageo | ||
| 245 |
_aოლე : _bლიტერატურული ჟურნალი / _cმთავარი რედაქტორი აკაკი დაუშვილი. |
||
| 260 |
_aთელავი : _bმერიდიანი, _c2021. |
||
| 300 | _av. | ||
| 653 | _aლიტერატურული ჟურნალი | ||
| 653 | _aპოეზია | ||
| 700 |
_aდაუშვილი, აკაკი _eმთავარი რედაქტორი _914513 |
||
| 856 |
_u https://dspace.nplg.gov.ge/bitstream/1234/364064/1/Ole_2021_N6.pdf _yელ. ვერსია. pdf |
||
| 942 |
_2udc _cCR |
||